02064nam a2200325 i 450000500170000000700030001700800410002002000180006104000350007904100080011404300120012208400110013410000560014524501820020125000220038326400430040530000400044833600270048833700330051533800280054850500490057652008090062552100540143465000410148865000440152965000280157370000460160170000480164770000430169520220317000101.0ta200424s2014 ck a gr 000 0 spa d a9789583003424 aCO-BoRNBPbspaerdacCO-BoRNBP0 aspa ae-fr--- aT MOL11 aMolière, Jean Baptiste Poquelind1622-1673eautor13aEl avaro ; El médico a palos ; El enfermo imaginariocMolière ; traducido por Patricia Aguirre Gutiérrez ; ilustrado por Nancy Granada Sabogal y Henry J. González Torres aPrimera edición aBogotá, ColombiabPanamericanac2014 a287 páginasbilustracionesc23 cm 2rdacontentatextobtxt 2rdamediaasin mediaciónbn 2rdacarrieravolumenbnc1 aEl enfermo imaginario -- El médico a palos aEl avaro, el amor no hace menos coherente al protagonista, porque ni aún ante él cede su avaricia, y la rivalidad del hijo le hiere como una ofensa inferida a su derecho de padre y señor, por eso los jóvenes se sienten inducidos a desear la muerte al viejo. La comicidad es copiosa, y viven todos los personajes; pero El avaro eclipsa a todos. El médico a palos, farsa alegre, fácil y mesurada, donde se advierte que el autor ha llegado a la cima de su arte: un grato aire campechano, y la acostumbrada sátira contra los médicos. El enfermo imaginario, las viejas acusaciones contra la medicina formal son ridiculizadas con ingenioso brío y fuerza convincente, a la vez que se afirma la fe en la naturaleza, única medicina; la figura del enfermo imaginario desde una humanidad real  aRecomendado para un público infantil y juvenil 17aTeatro francésySiglo XVII2ARMARC17aLiteratura francesaySiglo XVII2ARMARC17aComediavTeatro2ARMARC1 aAguirre Gutiérrez, Patriciaetraductora1 aGonzález Torres, Henry Javiereilustrador1 aGranada Sabogal, Nancy E.eilustradora